书目信息 |
| 题名: |
贪污罪的定罪与量刑
|
|
| 作者: | 孟庆华 , 高秀东 著 | |
| 分册: | ||
| 出版信息: | 北京 人民法院出版社 2001 |
|
| 页数: | 418页 | |
| 开本: | 20cm | |
| 丛书名: | 定罪与量刑丛书 | |
| 单 册: | ||
| 中图分类: | D924.392 | |
| 科图分类: | ||
| 主题词: | 贪污--刑事犯罪--定罪--研究--中国 , 贪污--刑事犯罪--量刑--研究--中国 | |
| 电子资源: | ||
| ISBN: | 7-80161-149-7 | |
| 000 | 00746nam2 2200241 45 | |
| 001 | 0401272117 | |
| 005 | 20040127214226.7 | |
| 010 | @a7-80161-149-7@dCNY20.00 | |
| 100 | @a20040127d2001 km y0chiy0120 ea | |
| 101 | 0 | @achi |
| 105 | @a z 000yy | |
| 200 | 1 | @a贪污罪的定罪与量刑@ATan Wu Zui De Ding Zui Yu Liang Xing@f孟庆华,高秀东著@FMeng Qing Hua,Gao Xiu Dong Zhu |
| 210 | @a北京@c人民法院出版社@d2001 | |
| 215 | @a418页@d20cm | |
| 225 | @a定罪与量刑丛书 | |
| 410 | @12001 @a定罪与量刑丛书 | |
| 606 | 0 | @a贪污@x刑事犯罪@x定罪@x研究@y中国 |
| 606 | 0 | @a贪污@x刑事犯罪@x量刑@x研究@y中国 |
| 690 | @aD924.392@v4 | |
| 701 | 0 | @a孟庆华@4著 |
| 701 | 0 | @a高秀东@4著 |
| 801 | @aCN@bTSTCL@c20040127 | |
| 905 | @b332844-846@dD924.392@e179@f3 | |
| 贪污罪的定罪与量刑/孟庆华,高秀东著.-北京:人民法院出版社,2001 |
| 418页;20cm.-(定罪与量刑丛书) |
| ISBN 7-80161-149-7:CNY20.00 |
| ● |
| 相关链接 |
|
|
|
|
正题名:贪污罪的定罪与量刑
索取号:D924.392/179
 
预约/预借
| 序号 | 登录号 | 条形码 | 馆藏地/架位号 | 状态 | 备注 |
| 1 | 0332844 | 203328443 | 第一借阅区/ [索取号:D924.392/179] | 在馆 | |
| 2 | 0332845 | 203328452 | 第一借阅区/ [索取号:D924.392/179] | 在馆 | |
| 3 | 0332846 | 203328461 | 第一样本阅览室/ [索取号:D924.392/179] | 在馆 |